LIBRARY & INFORMATION CENTRE, KCAET, TAVANUR

ONLINE PUBLIC ACCESS CATALOGUE (OPAC)

Technical report writing / (Record no. 4768)

MARC details
000 -LEADER
fixed length control field 00400cam a2200157ua 4500
041 ## - LANGUAGE CODE
Language code of text/sound track or separate title eng
082 ## - DEWEY DECIMAL CLASSIFICATION NUMBER
Classification number 808.0666
Item number RHO/TE
100 ## - MAIN ENTRY--AUTHOR NAME
Personal name Rhodes, Fred H .
245 ## - TITLE STATEMENT
Title Technical report writing /
260 ## - PUBLICATION, DISTRIBUTION, ETC. (IMPRINT)
Place of publication New York :
Name of publisher McGraw Hill Book Company ,
Year of publication 1961.
300 ## - PHYSICAL DESCRIPTION
Number of Pages 168 ; .
500 ## - GENERAL NOTE
General note **Reference
942 ## - ADDED ENTRY ELEMENTS (KOHA)
Koha item type Books
Holdings
Withdrawn status Lost status Damaged status Home library Current library Date acquired Full call number Accession Number Koha item type
      KAUAET KAUAET 07/04/2012 808.0666 5929 Reference
free website counter